000 00479nam a2200181Ia 4500
001 19732
005 20260306172714.0
008 260306t2021||||xx |||||||||||||| ||spa||
041 _aESP
082 _a341
_bM86
100 _aMoreno Rebato, Mar,
_eAUT
245 0 _aInteligencia artificial :
_b(umbrales éticos, derecho y administraciónes públicas)
260 _c2021
300 _a140 páginas :
_c23 cm.
650 _aGEN
654 _aCDE
942 _cLIB
_dJUS
_fJUS
_2ddc
_n
999 _c19732
_d19732